|
|
|
|
| LEADER |
00000nas a2200000 4500 |
| 001 |
ssj0000806 |
| 003 |
WaSeSS |
| 005 |
20200512172242.0 |
| 006 |
m d |
| 007 |
cr n |
| 008 |
750731c19759999njubr p s 0 a0eng |
| 010 |
|
|
|a 75643319
|
| 016 |
7 |
|
|a 7505804
|2 DNLM
|
| 016 |
7 |
|
|a P06400000
|2 DNLM
|
| 016 |
7 |
|
|a 007191312
|2 Uk
|
| 022 |
|
|
|l 0097-9805
|y 0097-9805
|
| 030 |
|
|
|a PENUEI
|
| 032 |
|
|
|a 811180
|b USPS
|
| 035 |
|
|
|a (WaSeSS)ssj0000806
|
| 037 |
|
|
|b Pediatric Nursing, North Woodbury Road, Box 56, Pitman, NJ 08071
|
| 040 |
|
|
|a DLC
|b eng
|c DLC
|d NLM
|d NSD
|d OCL
|d NSD
|d RCS
|d NST
|d AIP
|d NSD
|d AIP
|d NST
|d OCL
|d IUL
|d NSD
|d NST
|d EBZ
|d NST
|d CAS
|d DLC
|d NLM
|d OCLCQ
|d NLGGC
|d CDS
|d LVB
|d OCLCQ
|d UKMGB
|d OCLCQ
|d OCLCO
|d OCLCF
|d OCLCQ
|d PRB
|d IOC
|d OCLCO
|d OCLCQ
|d CSJ
|d OCLCO
|d OCLCA
|d OCLCQ
|d GILDS
|d OCLCQ
|d OCLCO
|d CCH
|d OCLCQ
|d AU@
|d OCLCQ
|d OCLCO
|d OCLCA
|d WaSeSS
|
| 042 |
|
|
|a nsdp
|
| 050 |
1 |
0 |
|a RJ245
|b .P4
|
| 060 |
0 |
0 |
|a W1
|b PE169D
|
| 082 |
0 |
4 |
|a 610.73/62/05
|
| 210 |
1 |
0 |
|a Pediatr Nurs
|2 dnlm
|
| 210 |
0 |
|
|a Pediatr. nursing
|
| 222 |
|
0 |
|a Pediatric nursing
|
| 245 |
0 |
0 |
|a Pediatric nursing
|h [electronic resource].
|
| 260 |
|
|
|a [Pitman, N.J.],
|b [A. Jannetti and Associates]
|
| 310 |
|
|
|a Bimonthly
|
| 362 |
0 |
|
|a v. 1- Jan./Feb. 1975-
|
| 500 |
|
|
|a Official publication of the National Association of Pediatric Nurse Associates and Practitioners.
|
| 506 |
|
|
|a License restrictions may limit access.
|
| 650 |
|
0 |
|a Pediatric nursing
|v Periodicals.
|
| 650 |
|
6 |
|a Soins infirmiers en pédiatrie
|v Périodiques.
|
| 650 |
|
7 |
|a Pediatric nursing.
|2 fast
|0 (OCoLC)fst01056451
|
| 650 |
1 |
7 |
|a Kindergeneeskunde.
|2 gtt
|
| 650 |
1 |
7 |
|a Verpleging.
|2 gtt
|
| 650 |
|
2 |
|a Pediatric Nursing.
|
| 655 |
|
0 |
|a Electronic journals.
|
| 710 |
2 |
|
|a National Association of Pediatric Nurse Associates and Practitioners.
|
| 776 |
1 |
|
|t Pediatric nursing
|w (DLC)sn 89012309
|w (OCoLC)13778981
|
| 850 |
|
|
|a AU
|a CSt-L
|a CU-AM
|a CU-SM
|a CaAEU
|a CaMWU
|a CaNBFU
|a CaOSLC
|a DeU
|a IC
|a ICarbS
|a IEN-M
|a IU-M
|a InLP
|a InU
|a KPT
|a MBU
|a MoSW-M
|a NSyU
|a NhD-D
|a NhU
|a NjR
|a OU
|a ScU
|a TU
|a TxArU
|a UPB
|a WyU
|
| 853 |
2 |
0 |
|8 1
|a v.
|b no.
|u 6
|v r
|i (year)
|j (month/month)
|w b
|x 01/02
|
| 856 |
4 |
0 |
|z Full text available from Research Library: 11/01/1997 to present
|u https://search.proquest.com/publication/47659
|
| 863 |
4 |
0 |
|8 1.1
|a <31>
|b <1>
|i <2005>
|j <01/02>
|